Fogalomzavar a korszerű nemzettudat körül
Elmentve itt :
| Szerző: | |
|---|---|
| Adatforrás: | Meister |
| Forrásdokumentuma: | A Hét. - 37 sz., 1992, 3 p. |
| Nyelv: | magyar |
| Kulcsszavak: | politika-filozófia nemzettudat nacionalizmus sovinizmus magyarságtudat JÁSZI Oszkár |
| LEADER | 00480nab a2200181 i 4500 | ||
|---|---|---|---|
| 001 | bibPRO00006530 | ||
| 008 | 060524s1992 xx hun | ||
| 040 | |a Sz1 | ||
| 041 | |a hun | ||
| 100 | 1 | |a NAGY Károly | |
| 245 | 1 | 0 | |a Fogalomzavar a korszerű nemzettudat körül |c NAGY Károly |
| 695 | |a politika-filozófia | ||
| 695 | |a nemzettudat | ||
| 695 | |a nacionalizmus | ||
| 695 | |a sovinizmus | ||
| 695 | |a magyarságtudat | ||
| 695 | |a JÁSZI Oszkár | ||
| 773 | 0 | |t A Hét. - |g 37 sz., 1992, 3 p. | |